Muhammad Ali Fights Quiz - Statistics

General Stats
  • This quiz has been taken 234 times
  • The average score is 29 of 61
Answer Stats
# Date Opponent Record W/L/D % Correct
32 03/08/1971 Joe Frazier 26-0-0 UD
100%
46 01/28/1974 Joe Frazier 30-1-0 UD
100%
51 10/01/1975 Joe Frazier 32-2-0 RTD
100%
47 10/30/1974 George Foreman 40-0-0 KO
98%
20 02/25/1964 Sonny Liston 35-1-0 RTD
94%
21 05/25/1965 Sonny Liston 35-2-0 KO
94%
60 10/02/1980 Larry Holmes 35-0-0 RTD
91%
43 03/31/1973 Ken Norton 29-1-0 SD
86%
44 09/10/1973 Ken Norton 30-1-0 SD
86%
55 09/28/1976 Ken Norton 37-3-0 UD
86%
58 02/15/1978 Leon Spinks 6-0-1 SD
85%
59 09/15/1978 Leon Spinks 7-0-1 UD
85%
22 11/22/1965 Floyd Patterson 43-4-0 TKO
73%
40 09/20/1972 Floyd Patterson 55-7-1 RTD
73%
61 12/11/1981 Trevor Berbick 19-2-1 UD
70%
19 06/18/1963 Henry Cooper 27-8-1 TKO
69%
24 05/21/1966 Henry Cooper 33-11-1 TKO
69%
57 09/29/1977 Earnie Shavers 54-5-1 UD
62%
27 11/14/1966 Cleveland Williams 67-5-1 TKO
55%
16 11/15/1962 Archie Moore 185-22-10 TKO
53%
28 02/06/1967 Ernie Terrell 39-4-0 UD
52%
30 10/26/1970 Jerry Quarry 37-4-4 RTD
49%
38 06/27/1972 Jerry Quarry 43-5-4 TKO
49%
48 03/24/1975 Chuck Wepner 30-9-2 TKO
47%
23 03/29/1966 George Chuvalo 34-11-2 UD
47%
37 05/01/1972 George Chuvalo 66-17-2 UD
47%
31 12/07/1970 Oscar Bonavena 46-6-1 TKO
47%
33 07/26/1971 Jimmy Ellis 30-6-0 TKO
45%
42 02/14/1973 Joe Bugner 43-4-1 UD
45%
50 06/30/1975 Joe Bugner 51-6-1 UD
45%
29 03/22/1967 Zora Folley 74-7-4 KO
44%
18 03/13/1963 Doug Jones 21-3-1 UD
43%
49 05/16/1975 Ron Lyle 30-2-1 TKO
41%
25 08/06/1966 Brian London 35-13-0 KO
38%
8 07/22/1961 Alonzo Johnson 18-7-0 UD
35%
26 09/10/1966 Karl Mildenberger 49-2-3 TKO
34%
41 11/21/1972 Bob Foster 49-5-0 KO
33%
53 04/30/1976 Jimmy Young 17-4-2 UD
33%
11 02/10/1962 Sonny Banks 10-2-0 TKO
31%
52 02/20/1976 Jean-Pierre Coopman 24-3-0 KO
30%
36 04/01/1972 Mac Foster 28-1-0 UD
30%
1 10/29/1960 Tunney Hunsaker 16-9-1 UD
29%
54 05/24/1976 Richard Dunn 33-9-0 TKO
28%
56 05/16/1977 Alfredo Evangelista 14-1-1 UD
27%
34 11/17/1971 Buster Mathis 29-2-0 UD
27%
39 07/19/1972 Alvin Blue Lewis 26-4-0 TKO
26%
35 12/26/1971 Juergen Blin 27-9-6 KO
26%
4 02/07/1961 Jimmy Robinson 4-4-0 KO
22%
6 04/19/1961 LaMar Clark 43-2-0 KO
20%
14 05/19/1962 Billy Daniels 16-0-0 TKO
19%
2 12/27/1960 Herb Siler 5-1-0 TKO
18%
45 10/20/1973 Rudi Lubbers 21-1-0 UD
18%
9 10/07/1961 Alex Miteff 24-10-1 TKO
16%
17 01/24/1963 Charlie Powell 23-6-3 KO
16%
13 04/23/1962 George Logan 22-7-1 TKO
15%
3 01/17/1961 Tony Esperti 9-5-2 TKO
15%
15 07/20/1962 Alejandro Lavorante 19-3-0 KO
14%
12 02/28/1962 Don Warner 12-6-2 TKO
14%
7 06/26/1961 Duke Sabedong 15-11-1 UD
13%
10 11/29/1961 Willi Besmanoff 44-27-7 TKO
12%
5 02/21/1961 Donnie Fleeman 35-11-1 RTD
6%
No matching quizzes found
Score Distribution
Percent of People with Each Score
Percentile by Number Answered
Your Score History
You have not taken this quiz